Every African Country in 30 Seconds - Statistics

General Stats
  • This quiz has been taken 42 times
  • The average score is 15 of 54
Answers on the Map
Answers color-coded by a green-red scale on the quiz's map according to % correct below.
 
Answer Stats
Answer % Correct
Egypt
82%
Chad
67%
Algeria
64%
Niger
64%
Morocco
58%
Nigeria
58%
Libya
55%
Democratic Republic of the Congo
45%
Ghana
45%
Tunisia
42%
Mali
39%
South Africa
39%
Angola
33%
Central African Republic
33%
Lesotho
33%
Republic of the Congo
33%
Benin
30%
Eswatini
30%
Ethiopia
30%
Mauritania
30%
Sudan
30%
Togo
30%
Djibouti
27%
Gambia
27%
Kenya
27%
Senegal
27%
Burundi
24%
Eritrea
24%
Uganda
24%
Botswana
21%
Burkina Faso
21%
Cape Verde
21%
Namibia
21%
South Sudan
21%
Cameroon
18%
Gabon
18%
Guinea
18%
Ivory Coast
18%
Rwanda
18%
Somalia
18%
Tanzania
18%
Zambia
18%
Mozambique
15%
Liberia
12%
Zimbabwe
12%
Comoros
9%
Malawi
9%
São Tomé and Principe
9%
Guinea-Bissau
6%
Madagascar
6%
Mauritius
6%
Sierra Leone
6%
Equatorial Guinea
3%
Seychelles
0%
No matching quizzes found
Score Distribution
Percent of People with Each Score
Percentile by Number Answered
Your Score History
You have not taken this quiz